• 首页
  • 本馆介绍
  • 公告通知
  • 最新文献
  • 馆藏检索
  • 电子资源
  • 读者导购
  • 参考咨询
  • 我的图书馆
  • 登录
  • 详细信息显示
  • 放入我的书架
  • 预约/预借图书
  • 作者相关作品
  • 分类相关作品
  • 丛书相关作品
  • 出版社相关作品

书目信息

  • 表格格式
  • 工作单格式
  • 卡片格式
题名:
秸秆综合利用
    
 
作者: 中国农学会组 编
分册:  
出版信息: 北京   中国农业出版社  2019.02
页数: 154页
开本: 24cm
丛书名: 扫码看视频·轻松学技术丛书
单 册:
中图分类: S38
科图分类:
主题词: 秸秆--Jie Gan--综合利用
电子资源:
ISBN: 978-7-109-24779-6
000 01022nam 2200265 450
001 0109110235
005 20201109110340.0
010    @a978-7-109-24779-6@dCNY59.90
100    @a20190226e20202019em y0chiy50 ea
101 0  @achi
102    @aCN@b110000
105    @aa z 000yy
106    @ar
200 1  @a秸秆综合利用@AJie Gan Zong He Li Yong@f中国农学会组编
210    @a北京@c中国农业出版社@d2019.02@h2020.06
215    @a154页@c图@d24cm
225 2  @a扫码看视频·轻松学技术丛书@ASao Ma Kan Shi Pin · Qing Song Xue Ji Shu Cong Shu
314    @a主编:冯桂真、孙哲
330    @a本书主要包括闲话秸秆、秸秆肥料化利用、秸秆饲料化利用、秸秆食用菌基料化利用、秸秆能源化利用、秸秆原料化利用、秸秆收储运体系建设等七大部分,详细介绍了与农业生产和农民生活密切相关的秸秆综合利用技术流程。
461  0 @12001 @a扫码看视频·轻松学技术丛书
606 0  @a秸秆@AJie Gan@x综合利用
690    @aS38@v5
701  0 @a中国农学会组@AZhong Guo Nong Xue Hui Zu@4编
801  0 @aCN@bBJSZM@c20201103
905    @b1241575-8@dS38@e86@f4
    
    秸秆综合利用/中国农学会组编.-北京:中国农业出版社,2019.02(2020.06)
    154页:图;24cm.-(扫码看视频·轻松学技术丛书)
    
    
    ISBN 978-7-109-24779-6:CNY59.90
    本书主要包括闲话秸秆、秸秆肥料化利用、秸秆饲料化利用、秸秆食用菌基料化利用、秸秆能源化利用、秸秆原料化利用、秸秆收储运体系建设等七大部分,详细介绍了与农业生产和农民生活密切相关的秸秆综合利用技术流程。
●
相关链接 在E读中查询图书 在五车中查询图书 在当当中查询图书 在豆瓣中查询图书


正题名:秸秆综合利用     索取号:S38/86         预约/预借

序号 登录号 条形码 馆藏地/架位号 状态 备注
1 1241575   212415750   第二样本阅览室/ [索取号:S38/86] 在馆    
2 1241576   212415769   第三借阅区/ [索取号:S38/86] 在馆    
3 1241577   212415778   第三借阅区/ [索取号:S38/86] 在馆    
4 1241578   212415787   第三借阅区/ [索取号:S38/86] 在馆    
唐山师范学院图书馆 欢迎您!
大连网信软件有限公司© 版权所有